01383nab a22002897a 4500999001500000003000400015005001700019008004100036040000700077100003100084245009900115260007300214300001300287500007500300505026100375505008900636650003500725650002000760650002700780650002000807650002200827650003300849650002300882650003300905773014200938942001301080 c6348d6348OSt20260131190524.0190603e xxum|||| |||| 00| 0 spa d cPJ 95959aIglesias, Mariana B.10aDatos y activos digitales en el marco de la transmisión hereditaria /cMariana B. Iglesias.  cCiudad Autónoma de Buenos Aires :aThomson Reuters La Ley, b2025. ap. 18-25 aCita: TR LALEY AR/DOC/2867/2025 Publicado en: RCCyC 2025 (Diciembre). aSumario: I. Contenido de la herencia, datos y activos digitales.— II. La transmisión mortis causa de los datos. A propósito de precedentes jurisprudenciales comparados.— III. La transmisión mortis causa de activos digitales.— IV. Conclusión.  t¿Te interesa el texto completo? Solicitalo al correo: koha@justierradelfuego.gov.ar 091497aCODIGO CIVIL Y COMERCIAL 09888aSUCESIONES 094108aDATOS PERSONALES 091084aHEREDEROS 091115aTESTAMENTOS 092724aDERECHO A LA INTIMIDAD 096398aCRIPTOMONEDA 096081aCIENCIA Y TECNOLOGÍA0 0271393170dCiudad Autónoma de Buenos Aires : Thomson Reuters La Ley, 2015-tRevista Código Civil y Comercial. Nº 6 - Diciembre 2025 2udccANA